000 01627nam a22001577a 4500
041 _aukr
080 _a09
090 _bЯЩУ
100 _aЯщук Ю. М.
245 _aПередача звукових явищ в англійському прозовому фольклорі для дітей (на основі казок)
260 _aОстрог
_bКАФ
_c2006
300 _a59
520 _aРозділ 1. Фонема у контексті звука. 1.1. Трактування поняття "фонеми" вітчизняними лінгвістами. 1.2. Теорія фонем на Заході. 1.3. Фонема як обєкт вивчення лінгвістичних та ліфтературознавчих дисциплін. 1.4. Фоностилістичні засоби передачі звука в англійській мові. Алітерація та асонанс. 1.5. Парономасія та звуконаслідування як засоби інструментування. Явище звукосимволізму. Розділ 2. Звукова організація англійських та англомовних казок для дітей. 2.1. Childcraft- методика художнього виховання американського малюка. 2.2. Англійська казка в контеквті світового дитячого фолькльору. 2.3. Казки про тварин. 2.4. Чарівні казки. 2.5. Кумулятивні казки.
_0фонетика
650 _aResearch Papers
999 _c283461
_d283461
942 _cBK